Matemática 7 : (Registro nro. 8001)

Detalles MARC
000 -LIDER
fixed length control field 01429nam a2200337 a 4500
001 - NÚMERO DE CONTROL
Identificador de número de control 00146
003 - IDENTIFICACDOR DE NÚMERO DE CONTROL
control field DO-SdBNP
005 - DATE AND TIME OF LATEST TRANSACTION
control field 20180315102133.0
007 - CAMPOS FIJOS DE DESCRIPCIÓN FÍSICA
fixed length control field 00146
008 - ELEMENTOS DE LONGITUD FIJA
fixed length control field 150130s2013 dr 2013 000 0 spa d
020 ## - ISBN
International Standard Book Number 9789945121513
040 ## - FUENTE DE CATALOGACIÓN
Agencia que crea de manera original el registro BPMSU
Idioma de catalogación spa
Agencia que realiza la transcripción BPMSU
092 1# - LOCALLY ASSIGNED DEWEY DECIMAL CALL NUMBER
Número de clasificación 373.7
Número de ítem (Cutter) M425e 7mo. 2013
245 00 - MENCIÓN DE TITULO
Título Matemática 7 :
Subtítulo educación básica
260 ## - PUBLICACIÓN, DISTRIBUCIÓN, ETC. (PIE DE IMPRENTA)
Lugar de publicación, distribución, etc Santo Domingo :
Nombre del editor, distribuidor, etc. Susaeta,
Fecha de publicación, distribución, etc 2013.
300 ## - DESCRIPCIÓN FÍSICA
Extensión 198 p. :
Otros detalles físicos il., retrs. ;
Dimensiones 28 cm.
500 ## - NOTA GENERAL
Nota general Edición especial para el Ministerio de Educación año 2013
505 1# - NOTA DE CONTENIDO
Título Unidad 1.:
-- Números enteros. Operaciones --
-- Unidad 2 .:
-- Múltiplos y divisores --
-- Unidad 3.:
-- Fracciones --
-- Unidad 4 .:
-- Magnitudes --
-- Unidad 5 .:
-- Elementos geométricos --
-- Unidad 6 .:
-- Polígonos --
-- Unidad 7 .:
-- Poliedros --
-- Unidad 8 .:
-- Estadística --
-- Unidad 9 .:
-- Probabilidades.
650 #4 - ENCABEZAMIENTO DE MATERIA--TEMÁTICO
Término temático o nombre geográfico como elemento de entrada EDUCACIÓN PRIMARIA
Subdivisión geográfica REPÚBLICA DOMINICANA
650 #4 - ENCABEZAMIENTO DE MATERIA--TEMÁTICO
Término temático o nombre geográfico como elemento de entrada MATEMÁTICAS
Subdivisión temática general ESTUDIOS Y EJERCICIOS
650 #4 - ENCABEZAMIENTO DE MATERIA--TEMÁTICO
Término temático o nombre geográfico como elemento de entrada MATEMÁTICAS
Subdivisión temática general LIBROS DE TEXTOS
650 #4 - ENCABEZAMIENTO DE MATERIA--TEMÁTICO
Término temático o nombre geográfico como elemento de entrada MATEMÁTICAS
Subdivisión temática general ENSEÑANZA BÁSICA
650 #4 - ENCABEZAMIENTO DE MATERIA--TEMÁTICO
Término temático o nombre geográfico como elemento de entrada MATEMÁTICAS
Subdivisión temática general EDUCACIÓN PRIMARIA
910 ## - VALIDACIÓN
Validación Validado. Control de calidad MFF
942 ## - ADDED ENTRY ELEMENTS (KOHA)
Source of classification or shelving scheme Dewey Decimal Classification
Koha item type Libros
945 ## - INFORMACIÓN DE PROCESAMIENTO LOCAL
Información de procesamiento local Remanejado para la BNPHU / 2018 VM
956 ## - LOCAL ELECTRONIC LOCATION AND ACCESS (OCLC)
Nombre de host DGARCIA
Número de acceso 10
Información de compresión 20150710
Inicio de sesión BND01
Procesador de solicitud 0843
956 ## - LOCAL ELECTRONIC LOCATION AND ACCESS (OCLC)
Nombre de host YLOCKWARD
Número de acceso 10
Información de compresión 20150710
Inicio de sesión BND01
Procesador de solicitud 1000
956 ## - LOCAL ELECTRONIC LOCATION AND ACCESS (OCLC)
Nombre de host VMATEO
Número de acceso 10
Información de compresión 20150722
Inicio de sesión BPMSU
Procesador de solicitud 00151
956 ## - LOCAL ELECTRONIC LOCATION AND ACCESS (OCLC)
Nombre de host BTAVÁREZ
Número de acceso 10
Información de compresión 20160405
Inicio de sesión 00146
Existencias
Withdrawn status Lost status Source of classification or shelving scheme Damaged status Not for loan Collection code Home library Current library Date acquired Source of acquisition Total Checkouts Full call number Barcode Date last seen Price effective from Koha item type Copy number
    Dewey Decimal Classification     Colección Escolar Biblioteca Pública Metropolitana Salomé Ureña Biblioteca Pública Metropolitana Salomé Ureña 07/22/2015 Donación   372.7 M425e 7mo. 2013 BPMSU15070335 07/22/2015 07/22/2015 Libros  
    Dewey Decimal Classification       Biblioteca Pública Metropolitana Salomé Ureña Biblioteca Pública Metropolitana Salomé Ureña 07/22/2015 Donación   372.7 M425e 7mo. 2013 BPMSU15070336 07/22/2015 07/22/2015 Libros ej. 2